00690cam a22001811 4500082001700000100003500017245007100052260002900123300001900152500007200171500002600243526003700269650001300306650006100319942001200380999001900392952009700411 a940.544bHAR1 aHarris, Arthur Travers,94896910aBomber offensive,cby Marshal of the R.A.F., Sir Arthur Harris ... aLondon,bCollins,c1947. a288 p.c23 cm. a"First impression January, 1947. Second impression February, 1947." aMap on lining-papers. a0b0c0d940_544000000000000_HAR 0aMCE9379 0aWorld War, 1939-1945xAerial operations, British.937993 2ddccBK c551810d551810 00102ddc4070aMCEbMCEd2014-12-29l0o940.544 HARpMCE-40389r2014-12-29w2014-12-29yBK